000 00542nam a22001577a 4500
999 _c63340
_d63340
005 20250919152848.0
008 250919s1994 gw ||||| |||| 00| 0 goh d
020 _a9783860704585x
080 _a821.14'02-343.03=112.2
100 _aSchwab,Gustav
_925846
245 _aSagen des klassischen Altertums /
_cGustav Schwab.
264 _aKarl Müller :
_bErlangen,
_c1994.
300 _a575 p.
_bIll.
_c23 cm
653 _aკლასიკური ანტიკურობის ლეგენდები
942 _2udc
_cᲬᲘᲒᲜᲘ